书目信息 |
| 题名: |
体育史
|
|
| 作者: | 谭华 主编 | |
| 分册: | ||
| 出版信息: | 北京 高等教育出版社 2005 |
|
| 页数: | 479页 | |
| 开本: | 23cm | |
| 丛书名: | ||
| 单 册: | ||
| 中图分类: | G811.9 | |
| 科图分类: | ||
| 主题词: | 体育运动史--世界--高等学校--教材 , 体育运动史 | |
| 电子资源: | ||
| ISBN: | 7-04-016961-4 | |
| 000 | 00806nam0 2200253 450 | |
| 001 | 002968466 | |
| 005 | 20070923091118.51 | |
| 010 | @a7-04-016961-4@dCNY29.10 | |
| 100 | @a20050912d2005 em y0chiy0110 ea | |
| 101 | 0 | @achi |
| 102 | @aCN@b110000 | |
| 105 | @aa z 000yy | |
| 106 | @ar | |
| 200 | 1 | @a体育史@9ti yu shi@f谭华主编 |
| 210 | @a北京@c高等教育出版社@d2005 | |
| 215 | @a479页@c图@d23cm | |
| 300 | @a普通高等教育“十五”国家级规划教材 高等学校教材 | |
| 330 | @a本书以文艺复兴和第二次世界大战的结束为标志,把整个体育的形成与发展分为三个大的历史阶段,即“古代体育”、“现代体育”和“当代体育”。 | |
| 606 | 0 | @a体育运动史@y世界@x高等学校@j教材 |
| 606 | 0 | @a体育运动史 |
| 690 | @aG811.9@v4 | |
| 701 | 0 | @a谭华@9tan hua@f(1949~)@4主编 |
| 801 | 0 | @aCN@bNLC@c20070923 |
| 905 | @dG811.9@e52 | |
| 体育史/谭华主编.-北京:高等教育出版社,2005 |
| 479页:图;23cm |
| 普通高等教育“十五”国家级规划教材 高等学校教材 |
| ISBN 7-04-016961-4:CNY29.10 |
| 本书以文艺复兴和第二次世界大战的结束为标志,把整个体育的形成与发展分为三个大的历史阶段,即“古代体育”、“现代体育”和“当代体育”。 |
| ● |
| 相关链接 |
|
|
|
|
正题名:体育史
索取号:G811.9/52
 
预约/预借
| 序号 | 登录号 | 条形码 | 馆藏地/架位号 | 状态 | 备注 |
| 1 | 0626396 | 206263960 | 第一样本阅览室/ [索取号:G811.9/52] | 在馆 | |
| 2 | 0626397 | 206263979 | 第四借阅区/ [索取号:G811.9/52] | 在馆 | |
| 3 | 0626398 | 206263988 | 第四借阅区/ [索取号:G811.9/52] | 在馆 | |
| 4 | 0626399 | 206263997 | 第四借阅区/ [索取号:G811.9/52] | 在馆 | |
| 5 | 0626400 | 206264004 | 第四借阅区/ [索取号:G811.9/52] | 在馆 |